000 00831nam a2200241 i 4500
001 bg
100 1 _aMALEWICZ, Walenty
245 1 0 _aZbiór zadań z gospodarki energetycznej w elektrowniach cieplnych i elektrociepłowniach /
_cWalenty Malewicz ; Politechnika Szczecińska. Instytut Elektrotechniki.
260 _aSzczecin :
_bWydaw. Uczelniane PS,
_c1997.
300 _a172, [1] s. :
_brys., wykr. ;
_c24 cm.
504 _aBibliogr. s. [173].
650 9 _aElektrociepłownie
650 9 _aEnergetyka
_xgospodarka
655 _aPodręczniki akademickie
710 0 _aPOLITECHNIKA SZCZECIŃSKA (Szczecin)
_bInstytut Elektrotechniki
020 _a8387423602
040 _cBPK
041 0 _apl
080 _a621.311:620.9](075.8)
920 _a83-87423-60-2
942 _cKS
008 s pl f |000 0 pol
999 _c32919
_d32919
856 _uhttp://koha.tu.koszalin.pl/cgi-bin/koha/opac-detail.pl?biblionumber=32919
_yKatalog online BPK